Movie Titles Said in Movie Quiz Stats

 Plays Quiz Updated Jun 8, 2018

Support Sporcle.
Go Orange.
Score 0/40 Timer 10:00
7 Plays Today
% Correct
101 Dalmatians
92.6%
The Green Mile
92.2%
The Dark Knight
92%
The Sound of Music
91.7%
Back to the Future
90.2%
What About Bob?
89.1%
Dirty Harry
88.1%
Vertigo
85.3%
Black Hawk Down
85.1%
Independence Day
84.6%
Groundhog Day
82.5%
The Avengers
82.3%
Remember the Titans
81%
Training Day
80.8%
Con Air
79.9%
Beauty and the Beast
79.5%
Iron Man
76.7%
The Lorax
76.7%
Gone Baby Gone
76.3%
The Prestige
75.6%
% Correct
K-PAX
75.3%
Good Morning, Vietnam
74.1%
The Aviator
72.6%
The Breakfast Club
72.5%
Home Alone
72.5%
The Man in the Iron Mask
71.6%
The Mask of Zorro
69.7%
The Other Guys
68.8%
Spartacus
68.7%
Bruce Almighty
68.4%
Jurassic Park
68.4%
Fight Club
68.3%
The Big Lebowski
67.1%
Men in Black
65.6%
Some Like It Hot
63.2%
Full Metal Jacket
62.9%
Hook
57.6%
Eternal Sunshine of the Spotless Mind
54.7%
Chinatown
49.5%
Rushmore
34.1%

From the Vault

Portrait of an Artist: Nirvana

by bhenderson79

Music 10m
Nevermind that it's been 25 years - Nirvana still entertains us.
Remove Ads.
Support Sporcle.
Get the best of Sporcle when you Go Orange. This ad-free experience offers more features, more stats, and more fun while also helping to support Sporcle. Thank you for becoming a member.

Show Comments

Extras

Top Quizzes Today


Score Distribution

Your Account Isn't Verified!

In order to create a playlist on Sporcle, you need to verify the email address you used during registration. Go to your Sporcle Settings to finish the process.

Report this User

Report this user for behavior that violates our Community Guidelines.

Details: